Στρατηγικές για την κατανάλωση και τον καταναλωτή : ο κόσμος, το ευρωπαϊκό κεκτημένο και η ελληνική επειρία : πτυχιακή εργασία
Αποθηκεύτηκε σε:
| Κύριος συγγραφέας: | |
|---|---|
| Συγγραφή απο Οργανισμό/Αρχή: | |
| Άλλοι συγγραφείς: | |
| Μορφή: | Thesis Βιβλίο |
| Γλώσσα: | Greek |
| Δημοσίευση: |
Μυτιλήνη :
Πανεπιστήμιο Αιγαίου, Τμήμα Κοινωνιολογίας,
2005
|
| Θέματα: | |
| Διαθέσιμο Online: | http://hdl.handle.net/11610/7835 |
| Ετικέτες: |
Προσθήκη ετικέτας
Δεν υπάρχουν, Καταχωρήστε ετικέτα πρώτοι!
|
MARC
| LEADER | 00000cam a2200000 i 4500 | ||
|---|---|---|---|
| 001 | 1/24161 | ||
| 008 | 060213s2004 gre d | ||
| 035 | |l 10082608 | ||
| 040 | |a GR-MY-UA |b gre |e aacr | ||
| 041 | 0 | |a gre | |
| 082 | 0 | |a 381.34 |2 (22) | |
| 100 | 1 | |a Διονυσοπούλου, Βασιλική. | |
| 245 | 1 | 0 | |a Στρατηγικές για την κατανάλωση και τον καταναλωτή : |b ο κόσμος, το ευρωπαϊκό κεκτημένο και η ελληνική επειρία : πτυχιακή εργασία / |c Διονυσοπούλου Βασιλική ; υπεύθυνος καθηγητής Γιώργος Τσομπάνογλου |
| 260 | |a Μυτιλήνη : |b Πανεπιστήμιο Αιγαίου, Τμήμα Κοινωνιολογίας, |c 2005 | ||
| 300 | |a 57 σ.; |b πίν.; |c 30 εκ. | ||
| 502 | |a Πτυχιακή εργασία – Πανεπιστήμιο Αιγαίου, Λέσβος, 2003. | ||
| 504 | |a Βιβλιογραφία: σ. 56-57 | ||
| 650 | 0 | 0 | |a Consumption (Economics) |
| 650 | 0 | 0 | |a Consumers. |
| 650 | 0 | 0 | |a Consumer protection. |
| 650 | 0 | 0 | |a Consumer protection |x Law and legislation |z European Union countries. |
| 650 | 0 | 0 | |a Dissertations, Academic |z Greece. |
| 700 | 1 | |4 ths |a Τσομπάνογλου, Γεώργιος Οδ. | |
| 710 | 2 | |a Πανεπιστήμιο Αιγαίου |b Σχολή Κοινωνικών Επιστημών |b Τμήμα Κοινωνιολογίας. | |
| 852 | |a INST |b LESVOS |c DIATR |e 20060213 |h 227 |p 005100034336 |q 005100034336 |t DIE |y 23 | ||
| 852 | |a INST |b LESVOS |c DIATR |e 20060213 |h 228 |p 005100034250 |q 005100034250 |t DIE |y 23 | ||
| 856 | |u http://hdl.handle.net/11610/7835 | ||
| 901 | |a BIBL1-2006-1 | ||
| 909 | |a Λ |b 125305 | ||
| 909 | |a Λ |b 125304 | ||
| 924 | |a ΔΙΟΝΥΣΟΠΟΥΛΟΥ |b ΒΑΣΙΛΙΚΗ |y ΛΕΣΒΟΣ |z 2005-11 | ||
| 970 | |a ΜΑΡΙΝΑΤΟΥ |b ΜΥΡΣΙΝΗ |z 2006/02/13 | ||